000 01350cam a2200409 a 4500
001 2855
003 FISKH
005 20250508084332.0
008 061218s2007 nyu c 000 1 eng
010 _a 2006039731
020 _a9780385746861 (hc.)
020 _a0385746865 (hc.)
020 _a9780385909235 (lib. bdg.)
020 _a9780545178044
020 _a0385909233 (lib. bdg.)
035 _a(OCoLC)ocm77116428
035 _a(OCoLC)77116428
040 _aDLC
_cDLC
_dBKX
_dBTCTA
_dBAKER
_dZS3
_dYDXCP
_dUWC
_dDLC
_beng
042 _alcac
_alcac
050 0 0 _aPZ7.P2843
_bLas 2007
082 0 0 _a[Fic]
_222
100 1 _aPaulsen, Gary.
245 1 0 _aLawn boy /
_cGary Paulsen.
250 _aFirst Scholastic Book Clubs printing, September 2009
260 _aNew York :
_bScholastic,
_c2007
300 _a88 pages :
_c20 cm
505 _aW
520 _aThings get out of hand for a twelve-year-old boy when a neighbor convinces him to expand his summer lawn mowing business.
521 8 _a780
_bLexile
521 8 _aW
_bRaz-Plus
650 0 _aMoney-making projects for children
_vJuvenile fiction.
650 0 _aSummer employment
_vJuvenile fiction.
650 1 _aBusiness enterprises
_vFiction.
650 1 _aSummer employment
_vFiction.
906 _a7
_bcbc
_corignew
_d1
_eecip
_f20
_gy-gencatlg
942 _2ddc
_cBK
_n0
999 _c2855
_d2855